<?xml version="1.0" encoding="UTF-8"?>
<marc:record xmlns:marc="http://www.loc.gov/MARC21/slim">
   <marc:leader>00000nam a2200000 a 4500</marc:leader>
   <marc:datafield ind1="1" ind2=" " tag="100">
      <marc:subfield code="a">Hannah, Kristin</marc:subfield>
      <marc:subfield code="4">aut</marc:subfield>
      <marc:subfield code="e">Verfasser/-in</marc:subfield>
   </marc:datafield>
   <marc:datafield ind1="0" ind2="0" tag="245">
      <marc:subfield code="a">Zwischen uns das Meer</marc:subfield>
   </marc:datafield>
   <marc:datafield ind1="0" ind2="0" tag="245">
      <marc:subfield code="b">Roman</marc:subfield>
   </marc:datafield>
   <marc:datafield ind1="0" ind2="0" tag="245">
      <marc:subfield code="c">Kristin Hannah</marc:subfield>
   </marc:datafield>
   <marc:datafield ind1=" " ind2="1" tag="264">
      <marc:subfield code="a">Berlin</marc:subfield>
   </marc:datafield>
   <marc:datafield ind1="1" ind2=" " tag="520">
      <marc:subfield code="a">Seit einiger Zeit zieht sich Michael zunehmend von seiner Frau Jolene und den beiden gemeinsamen Töchtern zurück. In einem schrecklichen Streit schleudert er Jolene sogar ins Gesicht, dass er sie nicht mehr liebe. Das Paar trennt sich. Als Jolene eines Tages schwer verwundet wird, kommt Michael endlich zur Besinnung: Ihm wird bewusst, dass er kurz davor ist, die Liebe seines Lebens zu verlieren, und er will ihr beistehen. Doch Jolene will ihn nie mehr sehen - zu tief sitzt der Schmerz. Aber Michael kämpft - wird es ihm gelingen, ihr Herz zurückzugewinnen?</marc:subfield>
   </marc:datafield>
   <marc:datafield ind1=" " ind2=" " tag="041">
      <marc:subfield code="a">ger</marc:subfield>
   </marc:datafield>
   <marc:datafield ind1=" " ind2=" " tag="338">
      <marc:subfield code="a">Band</marc:subfield>
   </marc:datafield>
   <marc:datafield ind1=" " ind2=" " tag="300">
      <marc:subfield code="a">509S.</marc:subfield>
   </marc:datafield>
</marc:record>
